[Event "ARG-ch U20"]
[Site "Buenos Aires"]
[Date "2023.02.21"]
[Round "9"]
[White "Espinosa, Valentina"]
[Black "Salto, Floriana"]
[Result "0-1"]
[WhiteElo "1330"]
[BlackElo "1488"]
[PlyCount "98"]
[EventDate "2023.02.17"]
[EventType "swiss"]
[EventRounds "9"]
[EventCountry "ARG"]
[SourceTitle "EXT 2024"]
[Source "ChessBase"]
[SourceDate "2023.10.10"]
[SourceVersion "1"]
[SourceVersionDate "2023.10.10"]
[SourceQuality "1"]

1. e4 e5 2. d4 exd4 3. Qxd4 Nc6 4. Qe3 Nf6 5. Bd2 d6 6. Nc3 Be7 7. 0-0-0 0-0 8. Bc4 Ng4 9. Qe1 Nce5 10. Bb3 Be6 11. Bxe6 fxe6 12. f4 Nd7 13. Qg3 Ngf6 14. Nf3 Ne8 15. h4 c5 16. Ng5 Rf6 17. Qg4 Nf8 18. e5 dxe5 19. fxe5 Rg6 20. h5 Rxg5 21. Bxg5 Bxg5+ 22. Kb1 Qe7 23. Ne4 Bh6 24. Rhf1 Rd8 25. Rxd8 Qxd8 26. Qf3 Qe7 27. g4 g6 28. hxg6 Nxg6 29. Nf6+ Nxf6 30. exf6 Qf7 31. Qh3 Bg5 32. Qg3 e5 33. Qd3 b6 34. Qd8+ Nf8 35. Rf5 Bf4 36. Qe7 Ng6 37. Qd8+ Nf8 38. g5 Qd7 39. Qxd7 Nxd7 40. c4 Kf7 41. g6+ hxg6 42. Rxf4 exf4 43. Kc2 Kxf6 44. Kd3 Kf5 45. Ke2 g5 46. Kf2 g4 47. b3 g3+ 48. Kf3 Ne5+ 49. Kg2 Kg4 0-1